| 000 | 01470nam a2200241 a 4500 | ||
|---|---|---|---|
| 001 | 000039904 | ||
| 003 | OSt | ||
| 005 | 20240305095107.0 | ||
| 007 | ta | ||
| 008 | 130729s1991 dr ad 000 0 spa d | ||
| 040 |
_aDO-SdBNP _bspa _cBNPHU |
||
| 082 | _bG934g | ||
| 100 | 1 |
_aGuerrero, José Alfredo _952123 |
|
| 245 | 0 | 3 |
_aLa gráfica del día / _cJosé Alfredo Guerrero y Andrés Dauhajre. |
| 260 |
_aSanto Domingo : _bFundación Economía y Desarrollo, _c1991. |
||
| 300 |
_axiv, 357 p. : _bil., gráf. ; _c21 cm. |
||
| 490 |
_aFundación Economía y Desarrollo _v8 |
||
| 505 | 0 | _aAgregados monetarios -- Agricultura -- Banca -- Capitalismo y privatización -- Comercio internacional -- Control de precios -- Deuda externa -- Diversos -- Economía internacional -- Educacion -- Emigración -- Energía -- Empresas estatales -- Estrategias desarrollo -- Finanzas públicas -- FMI Foresta -- Fuga de capitales -- Industria -- Inflación -- Ingresos fiscales y sistemas de tributación -- Inversión -- Inversión extranjera -- Microempresa -- Mineria -- Petroleo derivados -- PIB -- Población -- Salario y mercado laboral -- Salud y seguridad social -- Seguros -- Servicios públicos -- Socialismo y planificación -- Subsidios -- Tarjetas de credito -- Tasas y sistemas de cambio -- Turismo -- Zonas francas. | |
| 590 | _aInventariado, 2021 /LP | ||
| 700 | 1 |
_aDauhajre, Andrés _96000 |
|
| 830 | 0 |
_aFundación Economía y Desarrollo _966108 _n8 |
|
| 942 |
_2ddc _cLBS1 |
||
| 999 |
_c39394 _d39394 |
||